000 02632cam a22005294a 4500
001 11961844
003 OSt
005 20260428165831.0
008 000403s2000 wiua c b 001 0 eng
010 _a 00038586
020 _a9781845335137
_qv. 1 : lib. bdg. : alk. paper
020 _a9781845335137
_qv. 2 : lib. bdg. : alk. paper
020 _a9781845335137
_qv. 3 : lib. bdg. : alk. paper
020 _a9781845335137
_qv. 4 : lib. bdg. : alk. paper
020 _a9781845335137
_qv. 5 : lib. bdg. : alk. paper
020 _a9781845335137
_qv. 6 : lib. bdg. : alk. paper
020 _a9781845335137
_q(v. 1 : lib. bdg. : alk. paper)
020 _a9781845335137
_q(v. 2 : lib. bdg. : alk. paper)
020 _a9781845335137
_q(v. 3 : lib. bdg. : alk. paper)
020 _a9781845335137
_q(v. 4 : lib. bdg. : alk. paper)
020 _a9781845335137
_q(v. 5 : lib. bdg. : alk. paper)
020 _a9781845335137
_q(v. 6 : lib. bdg. : alk. paper)
035 _a11961844
040 _aDLC
_cFoundation University
_dFoundation University
042 _apcc
_alcac
050 0 0 _aNK1390
_bM55 .2009
245 0 0 _a20th century design.
246 3 _aTwentieth century design
250 _aNorth American ed.
260 _aGreat Britain :
_bOctopus Publishing Group
_c2009
264 _42009
300 _a304 p. :
_bill. (some col.) ;
_c29 cm.
_3books
_fbooks
336 _atext
_btxt
_2rdacontent
337 _aunmediated
_bn
_2rdamedia
338 _avolume
_bnc
_2rdacarrier
_3n
504 _aIncludes bibliographical references and indexes.
505 0 _a[1] 1900-20 : the birth of modernism / Jackie Gaff -- [2] 20s & 30s : between the wars / Jackie Gaff -- [3] 40s & 50s : war and post-war years / Helen Jones -- [4] The 60s : the plastic age / Julia Bigham -- [5] 70s & 80s : the high-tech age / Jackie Gaff and John Tyrrell -- [6] The 90s : the digital age / Hannah Ford.
650 0 _aDesign
_xHistory
_y20th century
_vJuvenile literature.
_915670
650 1 _aDesign
_xHistory
_y20th century.
_915605
655 7 _aLiterature.
_2lcgft
_0https://id.loc.gov/authorities/genreForms/gf2014026415
_915671
700 1 _aGaff, Jackie.
_915672
710 2 _aGareth Stevens Publishing.
_915673
906 _a7
_bcbc
_corignew
_d1
_eocip
_f20
_gy-gencatlg
942 _2lcc
_cBK
_h(DAFA-FA) NK 1390
_i.2009 M55
_k(DAFA-FA)
999 _c5804
_d5804